Beatles Songs by Antonyms 2 - Statistics

General Stats
  • This quiz has been taken 24 times
  • The average score is 13 of 20
Answer Stats
Hint Answer % Correct
None I Have is Hate All You Need is Love
86%
Leaving the U.S.A. Back in the U.S.S.R.
82%
Goodbye, Hello Hello, Goodbye
82%
Many Nights in the Death A Day in the Life
77%
Angel in His Brain Devil in Her Heart
77%
Bad Day Good Night
77%
Night Settler Day Tripper
73%
Hate You Don't Love Me Do
73%
None Your Hating All My Loving
68%
Poverty (That's Not What You Have) Money (That's What I Want)
68%
I Always Take You My Poverty You Never Give Me Your Money
68%
Drought Rain
64%
I'm Not Going to Win That Boy You're Going to Lose That Girl
64%
You're Sad Just to Sit without Me I'm Happy Just to Dance with You
59%
Rebatewoman Taxman
59%
You'll Run From the Moon I'll Follow the Sun
55%
Hurry Wait
50%
I Will Disregard You You Won't See Me
45%
Same Boy Another Girl
41%
No Big Nothing Every Little Thing
14%
No matching quizzes found
Score Distribution
Percent of People with Each Score
Percentile by Number Answered
Your Score History
You have not taken this quiz